000 02454cam a2200313 i 4500
999 _c28379
_d28350
001 19605835
003 EG-ScBUE
005 20200319120237.0
008 170421s2018 enk f b 001 0 eng d
020 _a9781138791565 (pbk. : alk. paper)
040 _aDLC
_beng
_erda
_cDLC
_dDLC
_dEG-ScBUE
082 0 0 _a070.4
_bBRA
_222
100 1 _aBradshaw, Paul
_c(Data journalist)
_eauthor.
_936746
245 1 4 _aThe online journalism handbook :
_bskills to survive and thrive in the digital age /
_cPaul Bradshaw.
250 _aSecond edition.
264 1 _aMilton Park, Abingdon, Oxon ;
_aNew York :
_bRoutledge, Taylor and Francis Group,
_c2018.
300 _aix, 358 pages ;
_c26 cm
336 _atext
_btxt
_2rdacontent
337 _aunmediated
_bn
_2rdamedia
338 _avolume
_bnc
_2rdacarrier
504 _aIncludes bibliographical references and index.
520 _a"The Online Journalism Handbook has quickly established itself as the best guide to the fast moving world of digital journalism, illuminating the many opportunities offered to journalists through new technologies. In this new edition, Paul Bradshaw presents an engaging mix of technological know-how with real world pratical guidance to illustrate how those training and working as journalists can improve the researching, writing and reach of their story through web based techonologies. The new edition is throughly revised and updated, featuring: * new chapters on Twitter and community management * a fully updated chapter on digital law in relation to online journalism, exploring the impact of the Leveson ruling * new sections exploring hyperlocal news, mobile journalism, liveblogging, and newsgathering * an expansion of the section on analytics * a completely rewritten new chapter on data journalism (with the previous version of this chapter now available under Creative Commons allowing free download, and sharing, and the ability of add new content) * a more dynamic web presence, featuring useful extra resources. The Online Journalism Handbook is essential reading for all journalism students and professionals and of key interest to new and digital media pratictioners."
650 7 _aOnline journalism.
_2BUEsh
653 _bCOMAME
_cMarch2020
655 _vText book
_933728
906 _a7
_bcbc
_corignew
_d1
_eecip
_f20
_gy-gencatlg
942 _2ddc
_cTXT